000 00505nam a2200145Ia 4500
008 230917s9999||||xx |||||||||||||| ||und||
040 _e162683
_aMAIN
041 _aEnglish
082 _a891.4317109 MB896:BM
100 _aभटनागर, महेश
245 0 _aगजानन माद्याव मुक्तिबोद्यः जीवन और काव्य
260 _aदिल्ली
_bराजेश प्रकाशन
_c1976
300 _a110पृ. p.
942 _cHN
999 _c166099
_d166099